| 000 | 00797nam a2200253 a 4500 | ||
|---|---|---|---|
| 005 | 20200104041535.0 | ||
| 008 | 140306t1990 nyua gr|||| 00| 0 eng d | ||
| 040 |
_aCO-BoIAVH _cCO-BoIAVH |
||
| 041 | _aeng | ||
| 044 | _axxu | ||
| 082 | 4 |
_a333.9501 _bC59m |
|
| 100 | 1 | _aClark, Colin W. | |
| 245 | 1 |
_aMathematical bioeconomics _bthe optimal management of renewable resources |
|
| 250 | _a2 ed. | ||
| 260 |
_aNueva York _bJohn Wiley AND Sons _c1990 |
||
| 300 |
_a386 paginas. _bilustraciones ; _c24 x 16 cm . |
||
| 650 | 4 | _aEconomía ambiental | |
| 650 | 4 | _aRecursos naturales renovables | |
| 650 | 4 | _aModelos matemáticos | |
| 650 | 4 | _aModelos económicos | |
| 650 | 4 | _aDesarrollo sostenible | |
| 650 | 4 | _aBioeconomía | |
| 942 |
_cLIBRO _2ddc |
||
| 999 |
_c2719 _d2719 |
||